[Event "Parla 25 Jubilee op"]
[Site "Parla"]
[Date "2008.09.12"]
[Round "7"]
[White "Ramirez Bulnes, Joaquin"]
[Black "Gomez, Gustavo Pizzocaro"]
[Result "1-0"]
[WhiteElo "1954"]
[BlackElo "2076"]
[PlyCount "53"]
[EventDate "2008.09.06"]
[EventType "swiss"]
[EventRounds "9"]
[EventCountry "ESP"]
[SourceTitle "CBM 126 Extra"]
[Source "ChessBase"]
[SourceDate "2008.11.05"]
[SourceVersion "1"]
[SourceVersionDate "2008.11.05"]
[SourceQuality "1"]

1. c4 Nf6 2. Nc3 e5 3. g3 d6 4. Bg2 g6 5. e3 Bg7 6. Nge2 0-0 7. 0-0 c6 8. d4 Nbd7 9. b3 Re8 10. Ba3 Nf8 11. Rc1 Nh5 12. Ne4 d5 13. Nd6 Re6 14. Nxc8 Rxc8 15. cxd5 cxd5 16. Rxc8 Qxc8 17. Bxd5 Ra6 18. Bxf8 Kxf8 19. Qc1 Qxc1 20. Rxc1 Rxa2 21. Rc8+ Ke7 22. Bc4 Kd7 23. Rb8 Kc7 24. Rg8 f5 25. h3 Bh6 26. dxe5 Rd2 27. g4 1-0

[Event "Parla 25 Jubilee op"]
[Site "Parla"]
[Date "2008.09.09"]
[Round "4"]
[White "Martinez Miura, Enrique"]
[Black "Ramirez Bulnes, Joaquin"]
[Result "0-1"]
[WhiteElo "1778"]
[BlackElo "1954"]
[PlyCount "50"]
[EventDate "2008.09.06"]
[EventType "swiss"]
[EventRounds "9"]
[EventCountry "ESP"]
[SourceTitle "CBM 126 Extra"]
[Source "ChessBase"]
[SourceDate "2008.11.05"]
[SourceVersion "1"]
[SourceVersionDate "2008.11.05"]
[SourceQuality "1"]

1. e4 c6 2. d4 d5 3. Nc3 Nf6 4. exd5 cxd5 5. h3 Nc6 6. Nf3 Bf5 7. a3 e6 8. Bd3 Ne4 9. Bd2 a6 10. 0-0 Qb6 11. Bxe4 dxe4 12. Ng5 Qxb2 13. Rb1 Qxa3 14. Rxb7 Be7 15. Ngxe4 0-0 16. Be3 Bb4 17. Qc1 Qa5 18. Qb2 Rab8 19. Rxb8 Rxb8 20. Rb1 Bxe4 21. Nxe4 f5 22. Ng5 Bd6 23. Qc1 Rxb1 24. Qxb1 f4 25. c3 Qxg5 0-1